Kde nakupujeme, čo nakupujeme a prečo nakupujeme lokality maloobchodu a spotreby a správanie spotrebiteľov

Guardado en:
Detalles Bibliográficos
Autor principal: Križan, František
Formato: Libro
Lenguaje:eslovaco
Publicado: Bratislava Vydavateľstvo UK 2020
Edición:1. vydanie
Materias:
Etiquetas: Agregar Etiqueta
Sin Etiquetas, Sea el primero en etiquetar este registro!

MARC

LEADER 00000nam a2200000 4500
001 0266995
005 20230118125224.2
020 |a 978-80-223-4861-4 
041 0 |a slo 
044 |a SK 
245 1 0 |a Kde nakupujeme, čo nakupujeme a prečo nakupujeme  |b lokality maloobchodu a spotreby a správanie spotrebiteľov  |c František Križan a kolektív 
250 |a 1. vydanie 
264 1 |a Bratislava  |b Vydavateľstvo UK  |c 2020 
300 |a 264 s. 
610 2 0 |a obchod 
610 2 0 |a vývoj 
610 2 0 |a maloobchod 
610 2 0 |a vidiek 
610 2 0 |a mestá 
610 2 0 |a potraviny 
610 2 0 |a spotrebitelia 
610 2 0 |a obchod elektronický 
610 2 0 |a modely 
610 2 0 |a letiská 
610 2 0 |a trh 
610 2 0 |a farmy 
610 2 0 |a stolovanie 
100 1 |a Križan, František